000 01024nac a22003017a 4500
001 BR2011007905
003 BR-BrBNA
005 20240105123933.0
008 230509b bl.|||m| |||| 00| 0 por d
040 _aBR-BrBNA
_bpor
_cBiblioteca Nacional de Agricultura
072 _aC30; Q04
090 _aC30 BR2011007905
100 1 _aGonçalves, E.B.
100 1 _aAlves, A.P.G.
100 1 _aMartins, P.A.
110 1 _aEmpresa Brasileira de Pesquisa Agropecuária, Brasília, DF (Brasil)
245 1 _aQuestões críticas em validação de métodos analíticos
260 3 _aBrasília, DF (Brasil):
_c2011.
300 _a69 p.
490 _aTexto para Discussão - Empresa Brasileira de Pesquisa Agropecuária (Brazil)
_vno. 40
_xISSN 1677-5473
500 _aSummaries (En, Pt); 5 illus.; 5 tables; 39 ref.
650 _aMETROLOGIA
650 _aANÁLISE QUÍMICA
650 _aCONTROLE DE QUALIDADE
650 _aNORMALIZAÇÃO
909 _a202312
_bLúcia Elande
_c55
_dLúcia Elande
942 _2AGRIS
_n0
_cMS
999 _c297634
_d297634